| 000 | 00793nam0a22002531 4500 | ||
|---|---|---|---|
| 001 | rc\357241 | ||
| 005 | 20250621043846.0 | ||
| 010 |
_a5-270-00393-7 _9100000 |
||
| 035 | _a(NLR Aleph) 005577224 | ||
| 090 |
_a6074235 _c6074235 |
||
| 100 | _a20030307d1989 |||y0rusy50 ca | ||
| 101 | 0 | _arus | |
| 102 | _aRU | ||
| 105 | _ay ||||||||| | ||
| 200 | 1 |
_aТри дня в августе _eПовесть [о Ф.М. Достоевском] _fВалерий Есенков |
|
| 210 |
_aМ. _cСовременник _d1989 |
||
| 215 |
_a319, [1] с. _d21 |
||
| 225 | 1 | _aНовинки "Современника" | |
| 700 | 1 |
_aЕсенков _bВ.Н. _gВалерий Николаевич |
|
| 801 | 0 |
_aRU _bNLR _gpsbo |
|
| 801 | 1 |
_aRU _bELAR _2rusmarc |
|
| 852 |
_aNLR _j89-3/5578 |
||
| 942 | _cBOOK | ||
| 980 | _aNB | ||